00233nam a2200097Ia 4500008004100000041000800041082001200049100001900061245002600080260002900106231212s1984 xx 000 0 und d aeng a621.381 aBharagava M.N. aBasic Electronics And aNew DelhibTata Mcc1984